Culture Générale - Série 1090 - Statistiques

Statistiques générales
  • Ce quiz a été pris 94 fois
  • Le résultat moyen est 5 sur 10
Statistiques - réponses
Question Réponse % Correct
Quel pays, dont la capitale est Bangkok, était anciennement appelé le Siam ? Thaïlande
95%
Quel sigle désigne l'organisme américain, chargé de diriger les recherches aéronautiques et spatiales civiles ? NASA
93%
Selon le titre d'un de leur tube, dans quelle grande ville le groupe Téléphone ira-t-il "avec toi" ? New York
83%
Dans quel pays peut-on visiter les villes de Jodhpur et d'Agra ? Inde
74%
Quel synonyme du mot "consolider" apparaît quand on déplace deux lettres du mot "affirmer" ? affermir
48%
Quel écrivain français publie "Le Côté de Guermantes" et "Sodome et Gomorrhe" au début des années 1920 ? Marcel Proust
33%
Quelle femme politique est nommée Garde des Sceaux par Lionel Jospin en juin 1997 ? Élisabeth Guigou
29%
Quel État des États-Unis a Topeka pour capitale ? Kansas
28%
Quel est le nom du personnage principal du “Misanthrope” de Molière ? Alceste
23%
Le groupe des années 70, les Bee Gees, était composé des frères Gibb (Brothers Gibb' = B.J), prénommés Barry, Robin et ... Maurice
6%
Aucun quiz correspondant
Distribution des résultats
% des personnes avec chaque résultat
Percentile par nombre de réponses
Votre historique - résultats
Vous n’avez pas pris ce quiz